RC Deportivo de La Coruña Squad 2025-2026 - Statistics

General Stats
  • This quiz has been taken 60 times
    21 since last reset
  • The average score is 22 of 27
Answer Stats
# Position Nation Player % Correct
11 FW Spain David Mella
100%
1 GK Spain Germán Parreño
100%
10 FW Spain Yeremay Hernández
100%
2 DF Spain Adrià Altimira
94%
4 DF Belgium Lucas Noubi
94%
21 MF Spain Mario Soriano
94%
8 MF Spain Diego Villares
88%
12 DF Italy Giacomo Quagliata
88%
9 FW Netherlands Zakaria Eddahchouri
88%
25 GK Spain Álvaro Fernández
82%
- Coach Spain Antonio Hidalgo
82%
6 MF England Charlie Patiño
82%
5 DF Spain Dani Barcia
82%
19 FW Spain Luismi Cruz
82%
15 DF Spain Miguel Loureiro
82%
14 MF Spain Riki Rodríguez
82%
7 FW Italy Samuele Mulattieri
82%
23 DF Spain Ximo Navarro
82%
3 DF Spain Arnau Comas
76%
18 DF Spain Sergio Escudero
76%
20 MF Spain José Ángel Jurado
71%
22 FW Spain Stoichkov
71%
17 FW Spain Cristian Herrera
59%
25 GK Austria Daniel Bachmann
59%
13 GK Spain Eric Puerto
53%
16 MF Spain José Gragera
53%
35 MF Spain Rubén López
47%
No matching quizzes found
Score Distribution
Percent of People with Each Score
Percentile by Number Answered
Your Score History
You have not taken this quiz since the last reset